Llamado a elecciones
Spremljeno u:
| Format: | Knjiga |
|---|---|
| Jezik: | Spanish |
| Teme: | |
| Oznake: |
Dodaj oznaku
Bez oznaka, Budi prvi tko označuje ovaj zapis!
|
MARC
| LEADER | 00000nam a22000007a 4500 | ||
|---|---|---|---|
| 003 | cru CIDCACS/IIS | ||
| 005 | 20191213152124.0 | ||
| 008 | 191213b ||||| |||| 00| 0 spa d | ||
| 999 | |c 42775 |d 42775 | ||
| 040 | |c cru CIDCACS/IIS | ||
| 245 | |a Llamado a elecciones | ||
| 300 | |a página 81 | ||
| 650 | 0 | |9 306 |a ELECCIONES | |
| 650 | 4 | |9 1935 |a RECESION ECONOMICA | |
| 650 | 0 | |9 83 |a DEMOCRACIA | |
| 651 | 0 | |9 308 |a CENTROAMERICA | |
| 773 | 0 | |0 42391 |9 4076 |a Agencia Latinoamericana de Información, ALAI |d Quito, Ecuador: ALAI |o 04171 |t ALAI: |x 08275564 (Servicio mensual de información y documentación) | |
| 942 | |2 ddc |c PP | ||
